| 000 | 00443nam a22001577a 4500 | ||
|---|---|---|---|
| 005 | 20260402121314.0 | ||
| 020 | _a9789354662485 | ||
| 050 |
_aR858 _b.M73 |
||
| 100 | _aMogli, Goverdhan Das | ||
| 245 |
_aMEDICAL ELECTRONIC RECORDS EDUCATION PROGRAMS _cGoverdhan Das Mogli |
||
| 260 |
_aNew Delhi _bCBS PUBLISHERS & DISTRIBU, _c2025 |
||
| 300 |
_a360p. _bill. _c24cm. |
||
| 650 | _aElectronic Health Records | ||
| 650 | _aSoftware | ||
| 942 | _cBK | ||
| 999 |
_c8575 _d8575 |
||